MARC details
| 000 -LEADER |
| fixed length control field |
02336cam a2200301 4500 |
| 001 - CONTROL NUMBER |
| control field |
ABS68853 |
| 008 - FIXED-LENGTH DATA ELEMENTS--GENERAL INFORMATION |
| fixed length control field |
111024s2005 000 0 eng u |
| 035 ## - SYSTEM CONTROL NUMBER |
| System control number |
(Sirsi) u129119 |
| 245 ## - TITLE STATEMENT |
| Title |
New agenda for rural planning |
| 260 ## - PUBLICATION, DISTRIBUTION, ETC. |
| Date of publication, distribution, etc. |
2005 |
| 490 ## - SERIES STATEMENT |
| Series statement |
Scottish Planner |
| Volume/sequential designation |
(103) February 2005 1(1) |
| 520 ## - SUMMARY, ETC. |
| Summary, etc. |
Reports on several new rural planning documents published by the Scottish Executive: "Scottish planning policy 15: planning for rural development" (SPP 15); "Planning advice note 72: housing in the countryside" (PAN 72); and "Planning advice note 73: rural diversification" (PAN 73). SPP 15, which replaces NPPG 15 from 1999, reflects the Executive's policy for rural development originally published in "Rural Scotland: a new approach" in May 2000 (ISBN 0748093893). It proposes that planners take a positive view of the social and economic needs of communities and must create opportunities for sustainable development. Small settlements must not lose their identities as they increase in size nor the Scottish countryside become suburbanised. PAN 72 supports small-scale rural developments. PAN 73, replacing "Planning advice note36: siting and design of new housing in the countryside", from 1991, intends to create more opportunities for good quality rural housing and reinforces the shift towards a place making agenda for rural Scotland. View the documents on www.scotland.gov.uk. |
| 590 ## - LOCAL NOTE (RLIN) |
| Local note |
ABS |
| 650 ## - SUBJECT ADDED ENTRY--TOPICAL TERM |
| Topical term or geographic name entry element |
RURAL HOUSING |
| 650 ## - SUBJECT ADDED ENTRY--TOPICAL TERM |
| Topical term or geographic name entry element |
SCOTLAND |
| 650 ## - SUBJECT ADDED ENTRY--TOPICAL TERM |
| Topical term or geographic name entry element |
SPP15 |
| 650 ## - SUBJECT ADDED ENTRY--TOPICAL TERM |
| Topical term or geographic name entry element |
PAN72 |
| 650 ## - SUBJECT ADDED ENTRY--TOPICAL TERM |
| Topical term or geographic name entry element |
PAN73 |
| 650 ## - SUBJECT ADDED ENTRY--TOPICAL TERM |
| Topical term or geographic name entry element |
PAN36 |
| 650 ## - SUBJECT ADDED ENTRY--TOPICAL TERM |
| Topical term or geographic name entry element |
RURAL COMMUNITIES |
| 690 ## - LOCAL SUBJECT ADDED ENTRY--TOPICAL TERM (OCLC, RLIN) |
| Topical term or geographic name as entry element |
ENVIRONMENTAL AND LAND CONSULTANCY-PLANNING AND DEVELOPMENT |
| 856 40 - ELECTRONIC LOCATION AND ACCESS |
| Uniform Resource Identifier |
<a href="https://www.scotland.gov.uk/Resource/Doc/36496/0026053.pdf">https://www.scotland.gov.uk/Resource/Doc/36496/0026053.pdf</a> |
| Public note |
View SPP15 free of charge at www.scotland.gov.uk |
| 856 40 - ELECTRONIC LOCATION AND ACCESS |
| Uniform Resource Identifier |
<a href="https://www.scotland.gov.uk/Resource/Doc/83397/0031722.pdf">https://www.scotland.gov.uk/Resource/Doc/83397/0031722.pdf</a> |
| Public note |
View PAN72 Part 1 free of charge at www.scotland.gov.uk |
| 856 40 - ELECTRONIC LOCATION AND ACCESS |
| Uniform Resource Identifier |
<a href="https://www.scotland.gov.uk/Resource/Doc/83397/0031724.pdf">https://www.scotland.gov.uk/Resource/Doc/83397/0031724.pdf</a> |
| Public note |
View PAN72 Part 2 free of charge at www.scotland.gov.uk |
| 856 40 - ELECTRONIC LOCATION AND ACCESS |
| Uniform Resource Identifier |
<a href="https://www.scotland.gov.uk/Resource/Doc/83397/0027435.pdf">https://www.scotland.gov.uk/Resource/Doc/83397/0027435.pdf</a> |
| Public note |
View PAN73 Part 1 free of charge at www.scotland.gov.uk |
| 856 40 - ELECTRONIC LOCATION AND ACCESS |
| Uniform Resource Identifier |
<a href="https://www.scotland.gov.uk/Resource/Doc/83397/0027436.pdf">https://www.scotland.gov.uk/Resource/Doc/83397/0027436.pdf</a> |
| Public note |
View PAN73 Part 2 free of charge at www.scotland.gov.uk |
| 942 ## - ADDED ENTRY ELEMENTS (KOHA) |
| Suppress in OPAC |
0 |